<?xml version="1.0" encoding="UTF-8"?>
<collection xmlns="http://www.loc.gov/MARC21/slim">
 <record>
  <leader>01298nam a22002297a 4500</leader>
  <controlfield tag="001">NCT_38848</controlfield>
  <controlfield tag="008">180602b        xxu||||| |||| 00| 0 vie d</controlfield>
  <datafield tag="999" ind1=" " ind2=" ">
   <subfield code="c">1875</subfield>
   <subfield code="d">1875</subfield>
  </datafield>
  <datafield tag="020" ind1=" " ind2=" ">
   <subfield code="c">38000</subfield>
  </datafield>
  <datafield tag="082" ind1="0" ind2="4">
   <subfield code="2">23rd ed.</subfield>
   <subfield code="a">728.3</subfield>
   <subfield code="b">T305</subfield>
  </datafield>
  <datafield tag="100" ind1="1" ind2=" ">
   <subfield code="a">Đặng Thị Phúc Tiến</subfield>
  </datafield>
  <datafield tag="245" ind1="1" ind2="0">
   <subfield code="a">Giáo trình thiết kế kiến trúc nhà dân dụng</subfield>
   <subfield code="c">Đặng Thị Phúc Tiến, Đỗ Thị Minh Phúc</subfield>
  </datafield>
  <datafield tag="250" ind1=" " ind2=" ">
   <subfield code="a">Tái bản</subfield>
  </datafield>
  <datafield tag="260" ind1=" " ind2=" ">
   <subfield code="a">H.</subfield>
   <subfield code="b">Xây dựng</subfield>
   <subfield code="c">2012</subfield>
  </datafield>
  <datafield tag="300" ind1=" " ind2=" ">
   <subfield code="a">115tr.</subfield>
   <subfield code="b">Mô hình</subfield>
   <subfield code="c">27 cm</subfield>
  </datafield>
  <datafield tag="520" ind1="3" ind2=" ">
   <subfield code="a">Nội dung của cuốn sách giới thiệu những vấn đề chung về nguyên lí thiết kế kiến trúc , đi sâu giới thiệu nguyên lí thiết kế cho hai loại công trình nhà ở và nhà công cộng.</subfield>
  </datafield>
  <datafield tag="653" ind1=" " ind2=" ">
   <subfield code="a">Kiến trúc</subfield>
  </datafield>
  <datafield tag="700" ind1="1" ind2=" ">
   <subfield code="a">Đỗ Thị Minh Phúc</subfield>
  </datafield>
  <datafield tag="942" ind1=" " ind2=" ">
   <subfield code="2">ddc</subfield>
   <subfield code="c">BK</subfield>
  </datafield>
  <datafield tag="952" ind1=" " ind2=" ">
   <subfield code="0">0</subfield>
   <subfield code="1">0</subfield>
   <subfield code="2">ddc</subfield>
   <subfield code="4">0</subfield>
   <subfield code="6">728_300000000000000_T305</subfield>
   <subfield code="7">0</subfield>
   <subfield code="9">9507</subfield>
   <subfield code="a">000001</subfield>
   <subfield code="b">000001</subfield>
   <subfield code="d">2018-06-02</subfield>
   <subfield code="l">1</subfield>
   <subfield code="o">728.3 T305</subfield>
   <subfield code="p">MD.08613</subfield>
   <subfield code="r">2019-10-16</subfield>
   <subfield code="s">2019-10-04</subfield>
   <subfield code="v">38000.00</subfield>
   <subfield code="w">2018-06-02</subfield>
   <subfield code="y">BK</subfield>
  </datafield>
  <datafield tag="952" ind1=" " ind2=" ">
   <subfield code="0">0</subfield>
   <subfield code="1">0</subfield>
   <subfield code="2">ddc</subfield>
   <subfield code="4">0</subfield>
   <subfield code="6">728_300000000000000_T305</subfield>
   <subfield code="7">0</subfield>
   <subfield code="9">9508</subfield>
   <subfield code="a">000001</subfield>
   <subfield code="b">000001</subfield>
   <subfield code="d">2018-06-02</subfield>
   <subfield code="l">1</subfield>
   <subfield code="o">728.3 T305</subfield>
   <subfield code="p">MD.08618</subfield>
   <subfield code="q">2022-03-02</subfield>
   <subfield code="r">2022-02-16</subfield>
   <subfield code="s">2022-02-16</subfield>
   <subfield code="v">38000.00</subfield>
   <subfield code="w">2018-06-02</subfield>
   <subfield code="y">BK</subfield>
  </datafield>
  <datafield tag="980" ind1=" " ind2=" ">
   <subfield code="a">Thư viện Trường Đại học Nam Cần Thơ</subfield>
  </datafield>
 </record>
</collection>
